State Capitals Closest to Nashville - Statistics

General Stats
  • This quiz has been taken 107 times
    100 since last reset
  • The average score is 8 of 10
Answer Stats
Distance (Miles) State Capitols % Correct
174.8 Frankfort
93%
329.9 Jackson
93%
215.1 Atlanta
92%
263.2 Montgomery
90%
324.9 Little Rock
88%
251.2 Indianapolis
78%
295.7 Springfield
78%
333.4 Columbus
77%
339.6 Jefferson City
73%
321.5 Charleston
72%
No matching quizzes found
Score Distribution
Percent of People with Each Score
Percentile by Number Answered
Your Score History
You have not taken this quiz since the last reset